| 000 | 00844nam a2200253 a 4500 | ||
|---|---|---|---|
| 001 | BRCA_9028 | ||
| 003 | FranzMayer | ||
| 005 | 20230724144700.0 | ||
| 008 | 250717s1769----gw-#######---#000-0#ger-# | ||
| 040 | _cMFM | ||
| 041 | _ager | ||
| 044 | _agw | ||
| 084 |
_aSN _b.M37 1769 |
||
| 100 | 1 |
_aMaría Teresa _cEmperatriz de Austria _d1717 - 1780 _910940 |
|
| 245 | 1 | 0 |
_aConstitutio criminalis Theresiana... _cMajestät Mariä Theresiä... |
| 260 |
_aWien _bGedruckt bey Johann Thomas Edlen von Trattnern _c1769 |
||
| 300 |
_a282 p., LVI _c35.5 x 23.5 cm |
||
| 500 | _aEstado físico: presenta encuadernación en piel con cantos decorados en color rojo | ||
| 500 | _aSe anexa un folleto con relación al tema | ||
| 650 | 1 | 4 |
_aDerecho penal _zAustria _922383 |
| 650 | 1 | 4 |
_aProcedimiento penal _zAustria _922384 |
| 902 | _aCFM | ||
| 942 |
_2lcc _cB |
||
| 999 |
_c8679 _d8679 |
||